Score 0/9 Timer 04:00
0 Plays Today
Season Name % Correct
2Clay Aiken
95.3%
1Justin Guarini
89.5%
4Bo Bice
81.4%
8Adam Lambert
80.2%
7David Archuleta
77.9%
3Diana DeGarmo
72.1%
5Katharine McPhee
69.8%
9Crystal Bowersox
68.6%
6Blake Lewis
64%
Remove Ads.
Support Sporcle.
Get the best of Sporcle when you Go Orange. This ad-free experience offers more features, more stats, and more fun while also helping to support Sporcle. Thank you for becoming a member.

You're not logged in!

Compare scores with friends on all Sporcle quizzes.
OR
Log In

Show Comments

Extras

Top Quizzes Today


Score Distribution

Your Account Isn't Verified!

In order to create a playlist on Sporcle, you need to verify the email address you used during registration. Go to your Sporcle Settings to finish the process.

Report this User

Report this user for behavior that violates our Community Guidelines.

Details: